Финансово-денежная политика и рыночные реформы в России

Détails bibliographiques
Auteur principal: Перламутров В. Л. Вилен Леонидович
Collectivité auteur: Российская академия наук (РАН) Институт экономики (ИЭ)
Résumé:В книге собраны работы В.Л. Перламутрова — ученого, который посвятил свои исследования разработке теоретических проблем развития рыночных отношений в нашей стране, прежде всего сосредоточившись на проблемах формирования эффективной финансово-кредитной системы России. Блестяще зная историю зарубежных экономических реформ, В.Л. Перламутров не забывал и отечественных реформаторов — С. Ю. Витте, Г.Я. Сокольникова, П.А.Столыпина. Вспоминая прошлое, ученый тщательно анализировал его, проводил параллели, сравнивал и делал адекватные сегодняшней ситуации выводы. В своих статьях В.Л. Перламутров подробно рассматривал причины экономического кризиса в России, аргументированно критиковал постулаты либеральных реформ, широко используя в своих выводах отечественный и зарубежный опыт. Для экономистов — научных работников и практиков, для преподавателей, аспирантов и студентов экономических вузов, а также для широкого круга читателей, которым небезразлично, какой должна быть финансово-денежная политика государства на различных этапах экономических преобразований.
Langue:russe
Publié: Москва, Экономика, 2007
Collection:Экономическое наследие
Sujets:
Format: Livre
KOHA link:https://koha.lib.tpu.ru/cgi-bin/koha/opac-detail.pl?biblionumber=120324

MARC

LEADER 00000nam0a2200000 4500
001 120324
005 20231101215612.0
010 |a 9785282026399 
035 |a (RuTPU)RU\TPU\book\130280 
090 |a 120324 
100 |a 20070824d2007 km y0rusy50 ca 
101 0 |a rus 
102 |a RU 
105 |a y z 000zy 
200 1 |a Финансово-денежная политика и рыночные реформы в России  |f В. Л. Перламутров  |g Российская академия наук, Отделение экономики, Институт экономики (РАН ОЭ ИЭ) 
210 |a Москва  |c Экономика  |d 2007 
215 |a 281 с. 
225 1 |a Экономическое наследие 
330 |a В книге собраны работы В.Л. Перламутрова — ученого, который посвятил свои исследования разработке теоретических проблем развития рыночных отношений в нашей стране, прежде всего сосредоточившись на проблемах формирования эффективной финансово-кредитной системы России. Блестяще зная историю зарубежных экономических реформ, В.Л. Перламутров не забывал и отечественных реформаторов — С. Ю. Витте, Г.Я. Сокольникова, П.А.Столыпина. Вспоминая прошлое, ученый тщательно анализировал его, проводил параллели, сравнивал и делал адекватные сегодняшней ситуации выводы. В своих статьях В.Л. Перламутров подробно рассматривал причины экономического кризиса в России, аргументированно критиковал постулаты либеральных реформ, широко используя в своих выводах отечественный и зарубежный опыт. Для экономистов — научных работников и практиков, для преподавателей, аспирантов и студентов экономических вузов, а также для широкого круга читателей, которым небезразлично, какой должна быть финансово-денежная политика государства на различных этапах экономических преобразований. 
606 |a Финансовая политика  |2 stltpush  |3 (RuTPU)RU\TPU\subj\67772  |9 83438 
606 |a Экономические реформы  |y Россия  |y СНГ  |2 stltpush  |3 (RuTPU)RU\TPU\subj\67505  |9 83280 
610 1 |a экономика 
610 1 |a финансы 
610 1 |a финансовая система 
610 1 |a Россия 
610 1 |a Российская Федерация 
610 1 |a денежная политика 
610 1 |a кредитование 
610 1 |a экономические кризисы 
610 1 |a конвертируемость 
610 1 |a рубль 
610 1 |a золото 
610 1 |a платежи 
686 |a У9(2)261.1  |v LBC/SL-A  |2 rubbk 
686 |a У9(2)0-183  |v LBC/SL-A  |2 rubbk 
700 1 |a Перламутров  |b В. Л.  |g Вилен Леонидович 
712 0 2 |a Российская академия наук (РАН)  |b Институт экономики (ИЭ)  |c (Москва)  |2 stltpush  |3 (RuTPU)RU\TPU\col\152 
801 1 |a RU  |b 63413507  |c 20070824  |g PSBO 
801 2 |a RU  |b 63413507  |c 20201117  |g PSBO 
942 |c BK 
959 |a 48/20070816  |d 2  |e 170,00  |f АНЛ:1  |f ЧЗГЛ:1